000 00501nam a22001817a 4500
005 20250605133122.0
008 250603b |||||||| |||| 00| 0 eng d
020 _a9780639018126
041 _aEnglish
082 _a349 SOU
100 _lEnglish
245 _aThe Law of South Africa /
_cWA Joubert
250 _aThird Edition
260 _aDurban:
_bLexisNexis,
_c2025
300 _bvii, 445 pages;
_c25 cm.
650 _aLegal practice
_bLaw
942 _cBK
_6ALISON_BN_VRIES
999 _c3308
_d3308